000 00506nas a22002171i#4500
001 1348
003 ES-MaACL
005 20250724062542.0
007 t|
008 950801c1898 xxkm| | 1 ||ng d
080 _a410
245 0 4 _aThe Lady's realm.
260 _aLondon :
_bHutchinson & CÂș,
_c[1898]-
300 _a1 v. ;
_c25 cm.
310 _aMensual
362 1 _a[1898]-
650 7 _aCultura
_2embne
_9170963
852 4 _aES-MaACL
_jHem-680
866 0 _o(1898).
999 _c1348
_d1348